SnowRunner - Regional Objectives (Insane Mode) - Statistics

General Stats
  • This quiz has been taken 6 times
    4 since last reset
  • The average score is 52 of 154
Answer Stats
Hint Answer % Correct
Contract Supplier Black Bird
67%
Objective "Not a Drill"
67%
Objective "Winter Stores
67%
Kola Peninsula Abandoned bunkers visited
33%
Objective "A Bird's Eye View"
33%
Objective "A Freezing Adventure"
33%
Kola Peninsula Airplane fragments recovered
33%
Contract Supplier Amur Petroleum Company
33%
Objective "Block Alpha"
33%
Objective "Block Beta"
33%
Objective "Block Gamma"
33%
Kola Peninsula Both armored vehicles recovered
33%
Contract Supplier British Columbia Gov.
33%
Objective "Broken Pipes"
33%
Objective "Bulk Loading"
33%
British Columbia Canned food factory built
33%
Objective "Cleaning out the Garage"
33%
Objective "Clean Slate"
33%
Objective "Closing the Circuit"
33%
Belozersk Glades Company farm established
33%
Objective "Constructing a repair garage"
33%
Objective "Conveyor Belt Section 1"
33%
Objective "Conveyor Belt Section 2"
33%
Objective "Conveyor Belt Section 3"
33%
North Carolina Cooling Towers Constructed
33%
Objective "Derrick Delivery"
33%
Alaska Disposed of all the junk
33%
Objective "Drill Disassembly"
33%
Taymyr Drilling operation is under way
33%
Michigan Drilling operation maintained
33%
Michigan Drilling operation under way
33%
Objective "Drilling Stuff Delivery"
33%
Objective "Drilling Supplies"
33%
Objective "Drill Rig Disassembly"
33%
Contract Supplier Dusty Woodwork
33%
Contract Supplier Dyson Diesel
33%
Belozersk Glades Ecological crisis averted
33%
Contract Supplier Emberro Pictures
33%
Ontario Evacuation carried out
33%
Contract Supplier Evans Garage
33%
Objective "Fertilizer Trouble"
33%
Objective "Fighting fire with fire"
33%
Scandinavia Filming finished
33%
Objective "Final check"
33%
Contract Supplier Fire Department
33%
Michigan First site has been constructed
33%
Objective "Floating Drill"
33%
Objective "Following The Poacher's Trail"
33%
Amur Fuel processing plant constructed
33%
Maine Garage restored
33%
Objective "Geological Exploration"
33%
Objective "Georesearch - Starting Point"
33%
Objective "Georesearch - Triangulation"
33%
Contract Supplier Goldhorse Mining
33%
Yukon Gold mining started
33%
Contract Supplier Greenlake Papermill
33%
Objective "Guardian of the Grove"
33%
Objective "Guardian of the Lake"
33%
Contract Supplier HarvestCorp
33%
Objective "Helping The Investigation"
33%
Contract Supplier Husky Forwarding
33%
Don | Ontario Infrastructure restored
33%
North Carolina It's All Connected
33%
Objective "It's All Connected 1"
33%
Contract Supplier Kola Expedition
33%
Contract Supplier Kolari Group
33%
Objective "Lap of Honour"
33%
Amur Launch successful
33%
Objective "Liftoff"
33%
Contract Supplier Maneuver-29 Agency
33%
Contract Supplier Morrison Mining
33%
Objective "Mountain Pipeline Building"
33%
Objective "Mountaintop Delivery"
33%
Maine New sawmill constructed
33%
Contract Supplier Nonagon Infrastructures
33%
Contract Supplier Nordic Environment Authority
33%
North Carolina Nuclear Power Plant Built
33%
British Columbia Officers investigation complete
33%
Taymyr Oil recon is a success
33%
Objective "Orbital Velocity"
33%
Yukon Ore processing plant constructed
33%
Objective "Ore Sorting Center"
33%
Contract Supplier Orestoke Resort Administration
33%
Objective "Out With The Old"
33%
Wisconsin Paper factory constructed
33%
Contract Supplier Pineline Energy Generation
33%
Contract Supplier Pineline Regional Administration
33%
Objective "Pipeline Construction"
33%
Alaska Pipeline is operational
33%
Objective "Pipeline Repair"
33%
Objective "Places of military glory"
33%
Belozersk Glades Power grid restored
33%
Objective "Putting Out The Fire At The Factory"
33%
Objective "Putting Out the FIre at the Station"
33%
Don Railway bridge constructed
33%
Wisconsin Railway connection restored
33%
Objective "Reinvigorating the old mines"
33%
Objective "Restoring the Railroad Tracks"
33%
Objective "Restoring the Tuning Shop"
33%
Amur Rocket's core section assembled
33%
Contract Supplier Rostov Administration
33%
Objective "Sawmill: the final stage"
33%
Objective "Serious Business"
33%
Objective "Service Center"
33%
Scandinavia Ski resort built
33%
Objective "Special Order"
33%
Objective "Spirit of the River"
33%
Contract Supplier Stage 1
33%
Tennessee Stage 1 completed
33%
Contract Supplier Stage 2
33%
Tennessee Stage 2 completed
33%
Contract Supplier Stage 3
33%
Tennessee Stage 3 completed
33%
Objective "Stage Two Finale"
33%
Objective "Static Pressure"
33%
Contract Supplier Sunsails Technologies
33%
Contract Supplier Tatra
33%
Don Tatra factory operational
33%
Contract Supplier Tayga Oil
33%
Ontario The fires are extinguished
33%
Objective "The Price of Victory"
33%
Objective "The Ranger is Watching"
33%
Objective "The Ring"
33%
British Columbia The ship is launched
33%
Objective "The Star in the Sky"
33%
Objective "The Steel Phoenix"
33%
Objective "The View from Above"
33%
Objective "Trailer Store"
33%
Objective "Train Departure"
33%
Objective "Two Towers 1"
33%
Objective "Two Towers 2"
33%
Contract Supplier "Uncle Fishmore"
33%
Objective "Uncle Fish Will Do This Job!"
33%
Objective "Valley Pipeline Building"
33%
Scandinavia Watchtowers built
33%
Contract Supplier "Waymause mining LTD"
33%
Contract Supplier "Waymause Mining LTD"
33%
Contract Supplier Western Rail Roads
33%
Objective "Wind Turbine"
33%
Objective "Wisconsin Truck Trip"
33%
Objective "You Spin Me Right 'Round"
33%
Alaska New drilling site is built
0%
Objective "Truck Store Construction"
0%
No matching quizzes found
Score Distribution
Percent of People with Each Score
Percentile by Number Answered
Your Score History
You have not taken this quiz since the last reset